| 000 | 00832nam a2200205Ii 4500 | ||
|---|---|---|---|
| 003 | JO-AjNU | ||
| 008 | 230605s9999||||xx |||||||||||||| ||und|| | ||
| 040 |
_aJO-AjNU _bara _erda _cJO-AjNU |
||
| 041 | _aara | ||
| 050 | 1 | 4 | _aBP152.I2764 1986 |
| 100 | 3 |
_a وزارة الاوقاف والشئون والمقدسات الاسلامية, _eauthor _943727 |
|
| 245 | 0 | 0 | _aفهرس حاشية ابن عابدين في الفقه الحنفي |
| 264 | 3 | 1 | _aد.م: وزارة الاوقاف والشئون والمقدسات الاسلامية، 1986 |
| 300 | _a480ص | ||
| 336 |
_atext _btxt _2rdacontent |
||
| 337 |
_aunmediated _bn _2rdamedia |
||
| 338 |
_avolume _bnc _2rdacarrier |
||
| 490 | 0 | _aأعمال موسوعية مساعدة ( الفهارس والمعاجم الفقهيه) 4 | |
| 650 | 4 |
_aالفقه الحنفي _943728 |
|
| 999 |
_aA18819 _c22387 _d22387 |
||